Greatest RuPaul Drag Queens - Statistics

General Stats
  • This quiz has been taken 214 times
  • The average score is 24 of 43
Answer Stats
Ranking Points Queen % Correct
1 10,8 Bianca Del Rio
92%
11 7,3 Jinkx Monsoon
89%
16 6,2 Alaska Thunderfuck 5000
86%
15 6,3 Bob the Drag Queen
86%
= 8,1 Raja
85%
= 8,3 Violet Chachki
82%
5 8,3 Sasha Velour
80%
7 8,1 Aquaria
78%
2 9,3 Tyra Sanchez
75%
35 2,3 Adore Delano
73%
3 9 Sharon Needles
73%
= 4 Yvie Oddly
73%
18 4,5 Bebe Zahara Benet
72%
9 7,5 Shea Coulee
71%
17 5 Jaida Essence Hall
65%
14 6,4 Manilla Luzon
65%
= 3,8 Roxxxy Andrews
65%
= 4 Trinity the Tuck Taylor
65%
21 4,1 Chad Michaels
64%
31 3 Courtney Act
60%
= 2,3 Katya
60%
34 2,4 Raven
60%
19 4,4 Ginger Minj
59%
4 8,9 Gigi Goode
57%
40 1,6 BenDeLaCreme
55%
22 4 Kim Chi
53%
32 2,6 Eureka O'Hara
52%
39 1,8 Naomi Smalls
52%
25 3,8 Nina Flowers
51%
10 7,4 Brooke Lynn Hytes
46%
27 3,7 Phi Phi O'Hara
43%
30 3,2 Asia O'Hara
40%
42 1 Crystal Methyd
37%
29 3,3 Ongina
36%
= 2,6 Kennedy Davenport
34%
28 3,4 Silky Nutmeg Ganache
29%
41 1,3 A'keria C Davenport
28%
12 7 The Vivienne
28%
13 6,6 Divina De Campo
18%
38 1,9 Willam
18%
20 4,3 Baga Chipz
14%
= 2,3 Max
14%
4= 1 Jessica Wild
10%
No matching quizzes found
Score Distribution
Percent of People with Each Score
Percentile by Number Answered
Your Score History
You have not taken this quiz